1266 1298 1457 1590 1248 1447 1290 1626 1173 1256 1128 1387 1557 1370 1874 1802 1132 1602 1150 1115 1696 1228 1480 1961 1542 1045 1319 1989 1853 1514 1465 1865 1415 1186 1660 1965 1865 1340 1046 1998 1517 1260 1477 1712 1607 1054 1542 1669 1386 1524 1158 1401 1682 1367 1042 1317 1409 1396 1826 1214 1334 1504 1188 1834 1029 1622 1847 1209 1765 1256 1943 1368 1151 1237 1873 1409 1721 1084 1085 1485 1276 1301 1129 1651 1088 1702 1481 1381 1834 1609 1070 1915 1931 1701 1917 1130 1292 1314 1944 BCNSPRNW ULIB Ver.6.0+V

เปลี่ยนเป็นภาษาไทย

Change to English
 แสดงรายละเอียดบรรณานุกรม
  กลับหน้าหลัก

Brief Record : Get Marc (ISO 2709) : E-mail record : QR code < ปิดหน้าต่าง
LEADER : 00000nam 2200000uu 4500
001    13399128114
003     ULIB
008    220526s2564||||th 000 0 tha d
020    ^a9786165828123
060 04 ^aWB460^bอ251ก
100 0  ^aอภิชัย วรรธนะพิศิษฐ์
245 10 ^aการส่งเสริมกิจกรรมทางกายและการให้คำปรึกษากิจกรรมทางกายในเวชศาสตร์ครอบครัว =^bPhysical activity promotion and physicalactivity counselling in family medicine /^cอภิชัยวรรธนะพิศิษฐ์
246 31 ^aPhysical activity promotion and physical activitycounselling in family medicine
250    ^aพิมพ์ครั้งที่ 1
260    ^aนครศรีธรรมราช :^bสำนักวิชาแพทยศาสตร์ มหาวิทยาลัยวลัยลักษณ์,^c2564
300    ^a(16), 216 หน้า :^bภาพประกอบ ;^c26 ซม.
504    ^aบรรณานุกรมท้ายบทและดรรชนีท้ายเล่ม
505 0  ^aแนวคิดกิจกรรมทางกายและสุขภาพในเวชศาสตร์ครอบครัว --การส่งเสริมกิจกรรมทางกายและการให้คำปรึกษากิจกรรมทางกายในเวชศาสตร์ครอบครัว -- การส่งเสริมกิจกรรมทางกายระดับชุมชน --การส่งเสริมกิจกรรมทางกายและการให้คำปรึกษากิจกรรมทางกายระดับบุคคล --การให้คำปรึกษากิจกรรมทางกายสำหรับโรคและภาวะที่พบบ่อยในเวชศาสตร์ครอบครัว --เทคโนโลยีและนวัตกรรมสำหรับการส่งเสริมกิจกรรมทางกายและการให้คำปรึกษากิจกรรมทางกาย -- การส่งเสริมกิจกรรมทางกายในความปกติใหม่
650  4 ^aการส่งเสริมสุขภาพ
650  4 ^aการออกกำลังกาย
650  4 ^aกายบริหาร
650  4 ^aเวชศาสตร์ครอบครัว
710 2  ^aมหาวิทยาลัยวลัยลักษณ์.^bสำนักวิชาแพทยศาสตร์
945    ^p420^l0^i008905
945    ^p420^l0^i008906
945    ^p420^l0^i008907
945    ^p420^l0^i008908
945    ^p420^l0^i008909
945    ^p420^l0^i008910
945    ^p420^l0^i008911
945    ^p420^l0^i008912
945    ^p420^l0^i008913
945    ^p420^l0^i008914
999    ^aประนอม เกษจรัล
รายการนี้ยังไม่มีแท็ก
คุณยังไม่ได้ล็อกอิน คุณสามารถมีกิจกรรมร่วมกับเว็บไซต์ได้ แต่ต้องล็อกอินก่อน ::
  ล็อกอิน

รายการสื่อสารสนเทศ

ลำดับที่ ประเภท เลขเรียก/บาร์โค้ด สถานที่ สถานะ
1. วิทยาศาสตร์การแพทย์ และสุขภาพ
หนังสือสำรอง
สถานะ=หนังสือสำรอง
WB460 อ251ก ฉ.1 
  Barcode: 008905
ห้องสมุดวิทยาเขตสวรรค์ประชารักษ์
►หนังสือทั่วไป
บนชั้น
2. วิทยาศาสตร์การแพทย์ และสุขภาพ
วิทยาศาสตร์การแพทย์ และสุขภาพ
WB460 อ251ก ฉ.10 
  Barcode: 008914
ห้องสมุดวิทยาเขตสวรรค์ประชารักษ์
►หนังสือทั่วไป
บนชั้น
3. วิทยาศาสตร์การแพทย์ และสุขภาพ
วิทยาศาสตร์การแพทย์ และสุขภาพ
WB460 อ251ก ฉ.2 
  Barcode: 008906
ห้องสมุดวิทยาเขตสวรรค์ประชารักษ์
►หนังสือทั่วไป
บนชั้น
4. วิทยาศาสตร์การแพทย์ และสุขภาพ
วิทยาศาสตร์การแพทย์ และสุขภาพ
WB460 อ251ก ฉ.3 
  Barcode: 008907
ห้องสมุดวิทยาเขตสวรรค์ประชารักษ์
►หนังสือทั่วไป
บนชั้น
5. วิทยาศาสตร์การแพทย์ และสุขภาพ
วิทยาศาสตร์การแพทย์ และสุขภาพ
WB460 อ251ก ฉ.4 
  Barcode: 008908
ห้องสมุดวิทยาเขตสวรรค์ประชารักษ์
►หนังสือทั่วไป
บนชั้น
6. วิทยาศาสตร์การแพทย์ และสุขภาพ
วิทยาศาสตร์การแพทย์ และสุขภาพ
WB460 อ251ก ฉ.5 
  Barcode: 008909
ห้องสมุดวิทยาเขตสวรรค์ประชารักษ์
►หนังสือทั่วไป
บนชั้น
7. วิทยาศาสตร์การแพทย์ และสุขภาพ
วิทยาศาสตร์การแพทย์ และสุขภาพ
WB460 อ251ก ฉ.6 
  Barcode: 008910
ห้องสมุดวิทยาเขตสวรรค์ประชารักษ์
►หนังสือทั่วไป
บนชั้น
8. วิทยาศาสตร์การแพทย์ และสุขภาพ
วิทยาศาสตร์การแพทย์ และสุขภาพ
WB460 อ251ก ฉ.7 
  Barcode: 008911
ห้องสมุดวิทยาเขตสวรรค์ประชารักษ์
►หนังสือทั่วไป
บนชั้น
9. วิทยาศาสตร์การแพทย์ และสุขภาพ
วิทยาศาสตร์การแพทย์ และสุขภาพ
WB460 อ251ก ฉ.8 
  Barcode: 008912
ห้องสมุดวิทยาเขตสวรรค์ประชารักษ์
►หนังสือทั่วไป
บนชั้น
10. วิทยาศาสตร์การแพทย์ และสุขภาพ
วิทยาศาสตร์การแพทย์ และสุขภาพ
WB460 อ251ก ฉ.9 
  Barcode: 008913
ห้องสมุดวิทยาเขตสวรรค์ประชารักษ์
►หนังสือทั่วไป
บนชั้น

รายการใกล้เคียง
    ผู้แต่ง [อภิชัย วรรธนะพิศิษฐ์]

    หัวเรื่อง [การส่งเสริมสุขภาพ]
    หัวเรื่อง [การออกกำลังกาย]
    หัวเรื่อง [กายบริหาร]
    หัวเรื่อง [เวชศาสตร์ครอบครัว]

BibComment


ยังไม่เคยถูกคอมเมนท์

คอมเมนท์ทรัพยากรรายการนี้
  คอมเมนท์: การส่งเสริมกิจกร..


 Copyright 2026. Bcnsprnw @Library